INTRODUCTION TO ARTICIAL INTELLIGENCE. (Record no. 216942)
[ view plain ]
| 000 -LEADER | |
|---|---|
| fixed length control field | 00521nam a22001817a 4500 |
| 008 - FIXED-LENGTH DATA ELEMENTS--GENERAL INFORMATION | |
| fixed length control field | 260414b |||||||| |||| 00| 0 eng d |
| 020 ## - INTERNATIONAL STANDARD BOOK NUMBER | |
| International Standard Book Number | 978-81-203-4997-1 |
| 050 ## - LIBRARY OF CONGRESS CALL NUMBER | |
| Classification number | Q 335 .A34 2025 |
| 100 ## - MAIN ENTRY--PERSONAL NAME | |
| Personal name | AKERKAR, RAJENDRA. |
| 245 ## - TITLE STATEMENT | |
| Title | INTRODUCTION TO ARTICIAL INTELLIGENCE. |
| 250 ## - EDITION STATEMENT | |
| Edition statement | 2ND |
| 260 ## - PUBLICATION, DISTRIBUTION, ETC. | |
| Place of publication, distribution, etc. | DELHI, |
| Name of publisher, distributor, etc. | PHI LEARNING PRIVATE LIMITED, |
| Date of publication, distribution, etc. | 2025. |
| 300 ## - PHYSICAL DESCRIPTION | |
| Extent | XIX, 419 P, ILL |
| 500 ## - GENERAL NOTE | |
| General note | INCLUDES BIBLIOGRAPHY AND INDEX |
| 650 ## - SUBJECT ADDED ENTRY | |
| Topical term or geographic name entry element | ARTIFICIAL INTELLIGENCE |
| 942 ## - ADDED ENTRY ELEMENTS (KOHA) | |
| Source of classification or shelving scheme | Library of Congress Classification |
| Koha item type | Long Loan Book |
| Withdrawn status | Lost status | Source of classification or shelving scheme | Damaged status | Not for loan | Collection | Home library | Current library | Shelving location | Date acquired | Inventory number | Total checkouts | Full call number | Barcode | Date last seen | Copy number | Price effective from | Koha item type |
|---|---|---|---|---|---|---|---|---|---|---|---|---|---|---|---|---|---|
| Library of Congress Classification | Science & Technology | Kisii University Library | Kisii University Library | On Display | 04/14/2026 | 112758 | Q 335 .A34 2025 | a001288 | 04/14/2026 | 1 | 04/14/2026 | Long Loan Book | |||||
| Library of Congress Classification | Science & Technology | Kisii University Library | Kisii University Library | On Display | 04/14/2026 | 112759 | Q 335 .A34 2025 | a001286 | 04/14/2026 | 2 | 04/14/2026 | Long Loan Book | |||||
| Library of Congress Classification | Science & Technology | Kisii University Library | Kisii University Library | On Display | 04/14/2026 | 112760 | Q 335 .A34 2025 | a001275 | 04/14/2026 | 3 | 04/14/2026 | Long Loan Book | |||||
| Library of Congress Classification | Science & Technology | Kisii University Library | Kisii University Library | On Display | 04/14/2026 | 112761 | Q 335 .A34 2025 | a001281 | 04/14/2026 | 4 | 04/14/2026 | Long Loan Book |